Theory and problems of Macroeconomic theory

Збережено в:
Бібліографічні деталі
Автор: Diulio, Eugene A (Автор)
Формат: Книга
Мова:Англійська
Опубліковано: Nueva York McGraw-Hill Book Company 1974
Редагування:1a. ed
Серія:Schaum`s Outline
Предмети:
Теги: Додати тег
Немає тегів, Будьте першим, хто поставить тег для цього запису!

MARC

LEADER 00000cam a2200000 a 4500
001 UCC4450
003 CL-VaPUC
008 180803e19740000us |||||||||||||||||eng|d
020 |a 0070170495 
082 0 4 |a 339.076  |b DIU  |2 21 
100 0 |a Diulio, Eugene A  |e author  |9 598730 
245 1 0 |a Theory and problems of Macroeconomic theory 
250 |a 1a. ed 
300 |a 208 p 
942 |c BK 
945 |d 20180803 12:44:00  |a dcastane 
260 |a Nueva York  |b McGraw-Hill Book Company  |c 1974 
650 0 |a Macroeconomía   |9 260301 
650 0 |a Problemas, ejercicios, etc  |9 259377 
583 |a last modification  |c 20180803 12:44:00  |k Rodrigo Vera 
490 0 |a Schaum`s Outline 
999 |c 372002  |d 372000 
952 |0 0  |1 0  |3 erb  |4 0  |6 339_076000000000000_DIU_1974  |7 0  |8 A  |9 489222  |a BIBGIM  |b BIBGIM  |i 5433010  |o 339.076 DIU 1974  |p 5433010  |r 2025-01-15  |w 2019-11-24  |y BK  |z Catalogado en:20180803  |k GIM